Transistor circuit design (Record no. 23504)

000 -LEADER
fixed length control field 00584nam a22002171 4500
001 - CONTROL NUMBER
control field 23504
003 - CONTROL NUMBER IDENTIFIER
control field BD-DhUET
008 - FIXED-LENGTH DATA ELEMENTS--GENERAL INFORMATION
fixed length control field 721219s1963 nyua b 000 0 eng
040 ## - CATALOGING SOURCE
Original cataloging agency DLC
Transcribing agency DLC
Modifying agency BD-DhUET
082 ## - DEWEY DECIMAL CLASSIFICATION NUMBER
Classification number 623.8151
Item number TEX/1963
110 ## - MAIN ENTRY--CORPORATE NAME
Corporate name or jurisdiction name as entry element Texas Instruments Incorporated
245 10 - TITLE STATEMENT
Title Transistor circuit design
250 ## - EDITION STATEMENT
Edition statement 1st ed.
260 ## - PUBLICATION, DISTRIBUTION, ETC. (IMPRINT)
Place of publication, distribution, etc. New York
Name of publisher, distributor, etc. McGraw-Hill
Date of publication, distribution, etc. 1963
300 ## - PHYSICAL DESCRIPTION
Extent xi, 523 p.
Other physical details ill.
Dimensions 26 cm.
504 ## - BIBLIOGRAPHY, ETC. NOTE
Bibliography, etc Includes bibliographies
650 #0 - SUBJECT ADDED ENTRY--TOPICAL TERM
Topical term or geographic name as entry element Transistor : Electronics
700 ## - ADDED ENTRY--PERSONAL NAME
Personal name Walston, Joseph A.
700 ## - ADDED ENTRY--PERSONAL NAME
Personal name Miller, John R.
942 ## - ADDED ENTRY ELEMENTS (KOHA)
Koha item type Corporate Publication
Holdings
Source of classification or shelving scheme Withdrawn status Koha item type Location (home branch) Price effective from Shelving location Copy number Sublocation or collection (holding branch) Not for loan Damaged status Lost status Koha full call number Date acquired Koha normalized classification for sorting Koha date last seen Piece designation (barcode)
  Corporate PublicationCentral Library, BUET2015-05-04Circulation section1Central Library, BUET   623.8151/TEX/1963 2015-05-04623_815100000000000_TEX_19632015-05-0430610
  Corporate PublicationCentral Library, BUET2015-05-04Circulation section2Central Library, BUET   623.8151/TEX/19632015-05-04623_815100000000000_TEX_19632015-05-0430607
  Corporate PublicationCentral Library, BUET2015-05-04Circulation section3Central Library, BUET   623.8151/TEX/1963 2015-05-04623_815100000000000_TEX_19632015-05-0430612
  Corporate PublicationCentral Library, BUET2015-05-04Circulation section4Central Library, BUET   623.8151/TEX/19632015-05-04623_815100000000000_TEX_19632015-05-0430613
  Corporate PublicationCentral Library, BUET2015-05-04Circulation section5Central Library, BUET   623.8151/TEX/1963 2015-05-04623_815100000000000_TEX_19632015-05-0426687
  Corporate PublicationCentral Library, BUET2015-05-07Circulation section6Central Library, BUET   623.8151/TEX/19632015-05-07623_815100000000000_TEX_19632015-05-0730608
  Corporate PublicationCentral Library, BUET2015-05-07Circulation section7Central Library, BUET   623.8151/TEX/19632015-05-07623_815100000000000_TEX_19632015-05-0730606
  Corporate PublicationCentral Library, BUET2015-05-07Circulation section8Central Library, BUET   623.8151/TEX/19632015-05-07623_815100000000000_TEX_19632015-05-0730609
  Corporate PublicationCentral Library, BUET2015-06-25Reading section9Central Library, BUET   623.8151/TEX/19632015-06-25623_815100000000000_TEX_19632015-06-2530604
  Corporate PublicationCentral Library, BUET2015-06-25Reading section10Central Library, BUET   623.8151/TEX/19632015-06-25623_815100000000000_TEX_19632015-06-259968
  Corporate PublicationCentral Library, BUET2015-06-25Reading section11Central Library, BUET   623.8151/TEX/19632015-06-25623_815100000000000_TEX_19632015-06-2530605